the top 25 best small forwards of all time NBA - Statistics

General Stats
  • This quiz has been taken 87 times
  • The average score is 13 of 25
Answer Stats
team player % Correct
Celtics Larry Bird
97%
Lakers Lebron James
96%
Suns Kevin Durant
87%
Bulls Scottie Pippen
84%
76ers Julius Erving
75%
Celtics Paul Pierce
72%
Knicks Carmelo Anthony
68%
Clippers Kawhi Leonard
67%
Lakers James Worthy
66%
Hawks Dominique Wilkins
64%
Celtics John Havlicek
64%
Lakers Elgin Baylor
59%
Warriors Rick Barry
53%
Nuggets Alex English
47%
Warriors Chris Mullin
46%
Clippers Paul George
46%
Jazz Adrian Dantley
33%
Bucks Marques Johnson
29%
Kings Peja Stojakovic
26%
Knicks Bernard King
25%
76ers Billy Cunningham
21%
Hornets Glen Rice
21%
Pistons Grant Hill
21%
76ers Paul Arizin
14%
Kings Jack Twyman
5%
No matching quizzes found
Score Distribution
Percent of People with Each Score
Percentile by Number Answered
Your Score History
You have not taken this quiz